| Tag |
First Indicator |
Second Indicator |
Subfields |
| LEADER |
00000cam a2200000 a 4500 |
| 001 |
in00000027208 |
| 005 |
20151007055932.0 |
| 008 |
880418s1988 dcu b 00110 eng |
| 010 |
|
|
|a 88015083
|
| 020 |
|
|
|a 0815776985 (alk. paper) :
|c $28.95
|
| 020 |
|
|
|a 0815776977 (pbk. : alk. paper) :
|c $10.95
|
| 035 |
|
|
|a (OCoLC)17954364
|
| 035 |
|
|
|9 AAB9682AM
|
| 040 |
|
|
|a DLC
|c DLC
|d TXA
|d UtOrBLW
|
| 043 |
|
|
|a a-is---
|a ma-----
|
| 049 |
|
|
|a TXAM
|c [A11506804]
|
| 050 |
0 |
0 |
|a DS110.W47
|b S24 1988
|
| 082 |
0 |
|
|a 956.95/3
|2 19
|
| 100 |
1 |
|
|a Sahliyeh, Emile F.
|
| 245 |
1 |
0 |
|a In search of leadership :
|b West Bank politics since 1967 /
|c Emile Sahliyeh.
|
| 264 |
|
1 |
|a Washington, D.C. :
|b Brookings Institution,
|c [1988]
|
| 264 |
|
4 |
|c ©1988
|
| 300 |
|
|
|a xii, 201 pages ;
|c 24 cm.
|
| 336 |
|
|
|a text
|b txt
|2 rdacontent
|
| 337 |
|
|
|a unmediated
|b n
|2 rdamedia
|
| 338 |
|
|
|a volume
|b nc
|2 rdacarrier
|
| 504 |
|
|
|a Bibliography: pages 189-194.
|
| 500 |
|
|
|a Includes index.
|
| 651 |
|
0 |
|a West Bank
|x Politics and government.
|
| 650 |
|
0 |
|a Palestinian Arabs
|z West Bank
|x Politics and government.
|
| 650 |
|
0 |
|a Political parties
|z West Bank.
|
| 999 |
|
|
|a MARS
|
| 999 |
f |
f |
|s ec6d0b18-d752-3f10-bb4a-6523e479fe1e
|i 409dd711-4707-39d5-8c10-edbb8a9b7c5c
|t 0
|
| 952 |
f |
f |
|p ric
|a Texas A&M University
|b Rellis Campus
|c Joint Library Facility
|d Remote Storage
|t 0
|e DS110.W47 S24 1988
|h Library of Congress classification
|i unmediated -- volume
|m A14811506804
|
| 998 |
f |
f |
|a DS110.W47 S24 1988
|t 0
|l Remote Storage
|